5HLuxD.jpg

KING HENRY VIII SENIOR AND PRIMARY SCHOOL LIBRARY OPAC

Minecraft: Guide to Farming (Record no. 3982)

000 -LEADER
fixed length control field 00716nam a22001937a 4500
005 - DATE AND TIME OF LATEST TRANSACTION
control field 20241127154239.0
008 - FIXED-LENGTH DATA ELEMENTS--GENERAL INFORMATION
fixed length control field 241127b ||||| |||| 00| 0 eng d
020 ## - INTERNATIONAL STANDARD BOOK NUMBER
International Standard Book Number 9781405290104
040 ## - CATALOGING SOURCE
Transcribing agency KH8
082 ## - DEWEY DECIMAL CLASSIFICATION NUMBER
Classification number 794.8 MOJ
100 ## - MAIN ENTRY--PERSONAL NAME
Personal name Mojang AB
Relator term Author
245 ## - TITLE STATEMENT
Title Minecraft: Guide to Farming
Statement of responsibility, etc. Mojang AB
260 ## - PUBLICATION, DISTRIBUTION, ETC.
Place of publication, distribution, etc. Farshore,
Date of publication, distribution, etc. 2018
300 ## - PHYSICAL DESCRIPTION
Extent 80 Pages
Dimensions 21.6cm x 1.4cm x 15.4cm
520 ## - SUMMARY, ETC.
Summary, etc. In Survival mode you're constantly in need of food and other useful items. You can find all these things on your travels, but a true survivor knows the importance of setting up their own farming systems.<br/>
650 ## - SUBJECT ADDED ENTRY--TOPICAL TERM
Topical term or geographic name entry element Arts & recreation
650 ## - SUBJECT ADDED ENTRY--TOPICAL TERM
Topical term or geographic name entry element Recreational and performing arts
942 ## - ADDED ENTRY ELEMENTS (KOHA)
Source of classification or shelving scheme
Koha item type Books - Non Ficton
Holdings
Withdrawn status Lost status Source of classification or shelving scheme Damaged status Not for loan Collection code Permanent Location Current Location Shelving location Date acquired Total Checkouts Total Renewals Full call number Barcode Date due Date last seen Date last checked out Price effective from Koha item type
          Non-Fiction KH8 Primary School Library KH8 Primary School Library Non Fiction 2024-11-27 21 2 794.8 MOJ KHPL000004679 2026-04-15 2026-04-07 2026-04-07 2024-11-27 Books - Non Ficton

Powered By KH8 IT Dept